logo

Bir Sreshtho Munshi Abdur Rouf Library
Jhenaidah Cadet College

মুসলিম সভ্যতায় ১০০১ আবিষ্কার / (Record no. 13240)

MARC details
000 -LEADER
fixed length control field 01219nam a2200289 a 4500
001 - CONTROL NUMBER
JCCL Control Number 13240
003 - CONTROL NUMBER IDENTIFIER
JCCL marc code BD-JhCC
005 - DATE AND TIME OF LATEST TRANSACTION
control field 20230731094839.0
008 - FIXED-LENGTH DATA ELEMENTS--GENERAL INFORMATION
fixed length control field 230731s2022 bg a|||| |||| 000 0 ben d
020 ## - INTERNATIONAL STANDARD BOOK NUMBER
International Standard Book Number 9789843518446
035 ## - SYSTEM CONTROL NUMBER
system control number (BD-JhCC)13240
040 ## - CATALOGING SOURCE
Original cataloging agency BD-JhCC
Modifying agency BD-JhCC
041 ## - LANGUAGE CODE
Language code of Book ben
082 ## - DEWEY DECIMAL CLASSIFICATION NUMBER
Classification number 609.1767
Author mark and Year ALH 2022
100 ## - MAIN ENTRY--PERSONAL NAME
Personal name আল-হাসসানি, প্রফেসর সেলিম টি এস
245 ## - TITLE STATEMENT
Title মুসলিম সভ্যতায় ১০০১ আবিষ্কার /
Statement of responsibility, etc প্রফেসর সেলিম টি এস আল-হাসসানি; অনুবাদক মিরাজ রহমান এবং মো. আবুল বাশার
260 ## - PUBLICATION, DISTRIBUTION, ETC. (IMPRINT)
Place of publication, distribution, etc ঢাকা :
Name of publisher, distributor, etc সুলতানস,
Date of publication, distribution, etc ২০২২
300 ## - PHYSICAL DESCRIPTION
Pagination ৩৭৬ পৃ.:
Other physical details চিত্রবালী;
Dimensions ২২ সেমি.
504 ## - BIBLIOGRAPHY, ETC. NOTE
Bibliography, etc গ্রন্থপঞ্জি সংযোজিত।
650 ## - SUBJECT ADDED ENTRY--TOPICAL TERM
Topical term or geographic name as entry element Muslim scientists
650 ## - SUBJECT ADDED ENTRY--TOPICAL TERM
Topical term or geographic name as entry element Islamic civilization
650 ## - SUBJECT ADDED ENTRY--TOPICAL TERM
Topical term or geographic name as entry element Civilization--Islamic influences
650 ## - SUBJECT ADDED ENTRY--TOPICAL TERM
Topical term or geographic name as entry element Islam and science
700 ## - ADDED ENTRY--PERSONAL NAME
Personal name রহমান,মিরাজ
700 ## - ADDED ENTRY--PERSONAL NAME
Personal name আবুল বাশার, মো.
942 ## - ADDED ENTRY ELEMENTS (KOHA)
Source of classification or shelving scheme Dewey Decimal Classification
Koha item type Books
Holdings
Source of classification or shelving scheme Damaged status Not for loan Home library Current library Shelving location Date of accession Cost, normal purchase price Total Checkouts Full call number Barcode Date last seen Date checked out Copy number Method of acquisition Koha item type Currency
Dewey Decimal Classification     JCC Rouf Library JCC Rouf Library General Stacks 06/23/2023 504.00 1 609.1767 ALH 2022 18428 02/06/2025 09/12/2023 C-1 Purchase Books BDT

JCC Library | Contacts | JCC Home

Last Update on 23 September 2017
Copyright @ 2017-2020 JCC Rouf Library
Rouf Library, Jhenidah Cadet College (JCC), Bangladesh